All Roblox Rise Of Nations formables - Statistics

General Stats
  • This quiz has been taken 636 times
    299 since last reset
  • The average score is 32 of 199
Answer Stats
Region Answer % Correct
Worldwide British Empire
68%
East Europe and Northern Asia Soviet Union
66%
Europe French Empire
62%
Eastern Europe, Asia Russian Empire
62%
Central Europe, Africa, Oceania German Empire
61%
Europe and North Africa Roman Empire
61%
Balkans and Middle East Ottoman Empire
60%
East Asia Qing Dynasty
55%
North America North American Union
51%
Africa African Union
50%
Worldwide Spanish Empire
49%
Europe European Union
46%
Balkans Yugoslavia
45%
Europe, Africa Italian Empire
44%
Northern Europe Swedish Empire
44%
Asia and Eastern Europe Mongol Empire
42%
East Asia Korea
41%
North America Mexican Empire
41%
Northern Europe Danish Empire
40%
Europe, Africa, Southeast Asia, South America Dutch Empire
40%
South Europe, Africa, South America, South Asia Portuguese Empire
39%
Balkans and Middle East Byzantine Empire
37%
Western Europe Frankish Empire
37%
Central Asia, Middle East, and Egypt Persian Empire
37%
Central Europe Austrian Empire
35%
The Balkans and Middle East Macedonian Empire
35%
Eastern Europe Polish-Lithuanian Commonwealth
35%
South America Empire of Brazil
34%
West Europe and Central Africa Belgian Empire
33%
South Asia Mughal Empire
33%
Central Europe Czechoslovakia
32%
Central Europe and The Balkans Holy Roman Empire
32%
Southern Europe Iberian Union
32%
Central Europe Kievan Rus
29%
West Europe Benelux
28%
East and Southeast Asia Empire of Japan
28%
South Asia, North Africa, South Europe Islamic Caliphate
28%
Northern Europe Kalmar Union
28%
North Africa and Middle East Arab League
27%
Central Europe Austro-Hungarian Empire
27%
South America Gran Colombia
27%
Northern Europe North Sea Empire
27%
South America Inca Empire
26%
Balkans Bulgarian Empire
25%
East Africa Ethiopian Empire
25%
Western Africa Mali Empire
25%
Southeast Asia Siam
25%
Southern Africa South African Union
25%
Balkans Albanian Empire
24%
East Africa East African Federation
24%
Western Europe Franco-British Union
24%
Eastern Europe Napoleonic Empire
24%
Balkans Balkan Federation
23%
South Asia Maurya Empire
23%
East Asia Republic of China
23%
North Africa and South Europe Carthage
22%
Balkans Serbian Empire
22%
Scandanavia and Baltics Finnic Union
21%
Caucasus Kingdom of Georgia
21%
Central Europe Zapadoslavia
21%
Balkans Kingdom of Romania
20%
Indochina Nguyen Dynasty
20%
South America Rio de la Plata
20%
Western, Central Africa Sokoto Caliphate
20%
Caucasus Transcaucasia
20%
East Asia Yuan Dynasty
20%
Southeast Asia Federation of Southeast Asian States
19%
West Europe Angevin Empire
17%
Middle East Babylonian Empire
17%
Caucasus, Middle East Kingdom of Armenia
17%
Balkans Kingdom of Croatia
17%
North America, South America, Caribbean Patria Grande
17%
Europe Intermarium
16%
Balkans Kingdom of Bosnia
16%
Balkans Kingdom of Hungary
16%
Caribbean Pirate Republic
16%
North America, Central America, Caribbean, South America Golden Circle
15%
Middle East Mamluk Sultanate
15%
Middle East and East Africa Omani Empire
15%
Oceania, Southeast Asia, Africa Alam Melayu
14%
Middle East Assyrian Empire
13%
Eastern Europe Kingdom of Dacia
13%
Middle East Kingdom of Israel
13%
Central America Mayan Empire
13%
Asia Pala Empire
13%
Middle East Promised Land of Zion
12%
Central Asia Timurid Empire
12%
Oceania Australasian Federation
11%
Europe, Africa, and Caribbean Courland-Livonia
11%
Caribbean Empire of Haiti
11%
Balkans Illyria
11%
Southeast Asia Khmer Empire
11%
East Oceania Tongan Empire
11%
East Africa Adal Sultanate
10%
Western Europe Celtic Union
10%
East Asia Goguryeo
10%
Central Europe Kingdom of Bohemia
10%
South America Peru-Bolivian Confederation
10%
Central Asia, Middle East Seljuk Empire
10%
Western Africa Songhai Empire
10%
Caribbean West Indies Federation
10%
Middle East Akkadian Empire
9%
Caribbean Antillean Confederation
9%
Middle East Emirate of Diriyah
9%
Eastern Europe Grand Duchy of Lithuania
9%
South Asia Kingdom of Kandy
9%
Middle East Phoenicia
9%
Southeast Asia Srivijaya Empire
9%
Middle East and Central Asia Afsharid Dynasty
8%
North Africa, Middle East Khedivate of Egypt
8%
Northern Africa Kush
8%
Central and South Europe Ostrogothic Kingdom
8%
Central Africa United States of Latin Africa
8%
North Africa Almohad Caliphate
7%
Southeast Asia Bruneian Empire
7%
South Asia Durrani Empire
7%
West Africa Ga'na Empire
7%
Scandinavia Norgesveldet
7%
Central America Republic of Central America
7%
Central Asia Turkestan
7%
South America Banda Oriental
6%
Western Europe Crown of Aragon
6%
West Africa Eweland
6%
South America Federation of the Andes
6%
South Asia and Middle East Hotak Dynasty
6%
Middle East, Central Asia Khwarazmian Dynasty
6%
Middle East Kingdom of Syria
6%
West Africa Kong Empire
6%
Southeast Asia Lan Xang
6%
Southern Europe Padania
6%
Upper Balkans Principality of Moldavia
6%
Southern Europe Republic of Genoa
6%
Southern Europe Republic of Venice
6%
Central Europe South German Confederation
6%
Indochina Toungoo Dynasty
6%
Caribbean Union of Saint Martin
6%
Eastern Europe United Baltic Federation
6%
North America West Canada
6%
Eastern Europe Almighty Don Host
5%
North Africa, Sicily, Levant Fatimid Caliphate
5%
Central Asia Khanate of Khiva
5%
Caribbean Lucayan Federation
5%
Southeast Asia Rattanakosin Kingdom
5%
West Africa Senegambia Confederation
5%
Central Asia Turkic Khaganate
5%
East Asia Xin Dynasty
5%
Central Asia Central Asian Union
4%
North America Confederation of Northern States
4%
Eastern Europe/Western Asia Cossackia
4%
Western Europe Duchy of Normandy
4%
Southern Africa Kingdom of Mutapa
4%
Eastern Europe Kingdom of Sardinia
4%
Southern Europe Kingdom of the Two Sicilies
4%
Asia Kushan Empire
4%
South East Asia Maphilindo Confederation
4%
Southern Africa Maravi Empire
4%
Northern Africa Marinid Dynasty
4%
North America Pacific States of America
4%
Pacific Ocean Polynesian Confederation
4%
North Asia United States of North Asia
4%
Eastern Europe Crimean Khanate
3%
Central Asia Emirate of Bukhara
3%
North Africa Hafsid Dynasty
3%
Central Europe Helvetic Republic
3%
West Africa Kaabu Empire
3%
Central Asia Khanate of Kazan
3%
Eastern Africa Kingdom of Aksum
3%
Balkans Princedom of Duklja
3%
Central Asia Bashkiria
2%
Western Europe Duchy of Milan
2%
Atlantic Ocean, East Africa Guine e Cabo Verde
2%
Northern Asia Idel-Ural State
2%
Central Africa Kanem Empire
2%
Western Europe, Central Asia Khazaria
2%
East Africa Kilwa Sultanate
2%
Britain Kingdom of Northumberland
2%
Eastern Europe Kuban People's Republic
2%
Central Asia Samanid Empire
2%
Eastern Africa Sultanate of Ifat
2%
East Africa Sultanate of Zanzibar
2%
Northeast Asia Tungus Republic
2%
Asia Hephthalite Empire
1%
Southwest Africa Kingdom of Kongo
1%
Eastern Europe Kryvdonbass
1%
Caucasus Northern Caucasus Republic
1%
North Africa, Middle East Palmyrene Empire
1%
North Africa Senusiyya
1%
Caucasus Shamkhalate of Tarki
1%
East Africa United Republic of the Comoros
1%
West Asia Yaik Cossack Host
1%
Caucasus Caucasian Inamate
0%
Western Europe Gallic Union
0%
Western Asia Grand Principality of Cirassia
0%
Central Asia Karakalpak Khanate
0%
Europe, Middle East Kingdom of Hospitaller
0%
Southwest Africa Kingdom of Lunda
0%
Middle East Raslulid Kingdom
0%
North Africa Tamazgha
0%
Oceania Tui Manu'a Confederacy
0%
No matching quizzes found
Score Distribution
Percent of People with Each Score
Percentile by Number Answered
Your Score History
You have not taken this quiz since the last reset